000 00649nam a2200193 i 4500
001 30410
003 ES-MaACL
005 20231226204515.0
007 t|
008 030124s1879 sp |||| | spa d
100 1 _aBarthe, Luis.
_926110
245 1 0 _aCompendio de historia civil y constitucional de Inglaterra /
_cpor Luis Barthe ; con un discurso preliminar de Manuel Pedregal.
260 _aMadrid :
_b[s.n.,
_c1879] (
_fJ. Maroto e hijos)
300 _aXXXI, 342 p. ;
_c17 cm.
651 4 _aGran Bretaña-
_xHistoria.
_98752
700 1 _aPedregal Cañedo, Manuel,
_d1831-1896
_9130930
852 _aES-MaACL
_jF-9314
999 _c30410
_d30410